| 000 | 00343nam a22001577a 4500 | ||
|---|---|---|---|
| 003 | SGT | ||
| 020 | _a978-81-317-6862-4 | ||
| 082 |
_a658.7 _bSOP |
||
| 100 | _aSOPLE, V.V. | ||
| 245 | _aLOGISTICS MANAGEMENT | ||
| 250 | _a3RD | ||
| 260 |
_aINDIA _bPEARSON PUB. _c2024 |
||
| 300 | _a537 | ||
| 650 | _aLOGISTICS MANAGEMENT | ||
| 942 |
_2ddc _cBK |
||
| 999 |
_c29396 _d29396 |
||